Score 0/17 Timer 03:00
0 Plays Today
% Correct
Howdy y'all.
Make room for my
Possum Pie!
81.3%
Well Doggies!
Happy Thanksgiving.
76.6%
Dang it Granny!
That bird's
one o' my
critters!
75.6%
Aaaah.
Fresh Air!
69.8%
Dahlink...
pass the caviar!
69.3%
Hot Dog!
Pass the vittles.
68.6%
Still movin' slow...
at the junction.
67.9%
Chief! This is
sophomoric and
pure hokum!
67.4%
Hey Folks.
Special on
peas at the
Country Store.
67%
% Correct
Does anyone
know who's
paying for this?
64.1%
Would someone
else like to
hold the baby?
59.7%
Hey Dad!
Is there any
sauerkraut juice?
59.5%
Lassie!
Ooops...wrong show.
Lost in space again!
54.4%
How did I end
up in Hooterville?
51.9%
I had my baby
last night and
cooked today!
50.5%
I'm blonde!
50.4%
They named
me Kathy Jo?
Really?
30.5%
Remove Ads.
Support Sporcle.
Get the best of Sporcle when you Go Orange. This ad-free experience offers more features, more stats, and more fun while also helping to support Sporcle. Thank you for becoming a member.

You're not logged in!

Compare scores with friends on all Sporcle quizzes.
OR
Log In

Show Comments

Extras

Top Quizzes Today


Score Distribution

Your Account Isn't Verified!

In order to create a playlist on Sporcle, you need to verify the email address you used during registration. Go to your Sporcle Settings to finish the process.

Report this User

Report this user for behavior that violates our Community Guidelines.

Details: